=LDR 00000nam 2200000 4500 =001 INLIS000000000049805 =005 20170331102532.0 =006 =007 =008 =020 ##$$a978-979-29-2186-1 =035 ##$$0010-031700000000250 =082 ##$$a813 =100 ##$$aAYUKA SORA =245 ##$$aCINDERELLA'A STEPBROTHER =260 ##$$aYogyakarta:Sheila; 2014 =300 ##$$avii;281 hlm;18 cm =850 ##$$a NBPNMAT =990 ##$$a21601912